The Ghana Law Reports 1992 volume 1: cases determined by the High Court of Appeal and the Supreme Court of the Republic of Ghana / (Record no. 4093)
[ view plain ]
| 000 -LEADER | |
|---|---|
| fixed length control field | 00727nam a22002177a 4500 |
| 003 - CONTROL NUMBER IDENTIFIER | |
| control field | OSt |
| 005 - DATE AND TIME OF LATEST TRANSACTION | |
| control field | 20230724132534.0 |
| 008 - FIXED-LENGTH DATA ELEMENTS--GENERAL INFORMATION | |
| fixed length control field | 140903b xxu||||| |||| 00| 0 eng d |
| 022 ## - INTERNATIONAL STANDARD SERIAL NUMBER | |
| International Standard Serial Number | 0855 0832 |
| 040 ## - CATALOGING SOURCE | |
| Transcribing agency | WIUC |
| 050 ## - LIBRARY OF CONGRESS CALL NUMBER | |
| Classification number | KRX19.A3 G34(1992 vol 1) |
| 245 ## - TITLE STATEMENT | |
| Title | The Ghana Law Reports 1992 volume 1: cases determined by the High Court of Appeal and the Supreme Court of the Republic of Ghana / |
| Statement of responsibility, etc. | edited by D.R.K. Sankah, J.K.E. Edzie and P.K.Twumasi |
| 260 ## - PUBLICATION, DISTRIBUTION, ETC. | |
| Place of publication, distribution, etc. | Accra : |
| Name of publisher, distributor, etc. | Council for Law Reporting, |
| Date of publication, distribution, etc. | 1999. |
| 300 ## - PHYSICAL DESCRIPTION | |
| Extent | xxxiv,651p.: |
| Dimensions | 25cm |
| 440 ## - SERIES STATEMENT/ADDED ENTRY--TITLE | |
| Volume/sequential designation | vol 1 |
| 500 ## - GENERAL NOTE | |
| General note | Includes index. |
| 700 ## - ADDED ENTRY--PERSONAL NAME | |
| Personal name | Sankah, D. R. K. |
| 9 (RLIN) | 2129 |
| 700 ## - ADDED ENTRY--PERSONAL NAME | |
| Personal name | Edzie, J.K. E. |
| 9 (RLIN) | 2130 |
| 700 ## - ADDED ENTRY--PERSONAL NAME | |
| Personal name | Twumasi, P. K. |
| 9 (RLIN) | 2131 |
| 942 ## - ADDED ENTRY ELEMENTS (KOHA) | |
| Source of classification or shelving scheme | Library of Congress Classification |
| Koha item type | Books |
| Withdrawn status | Lost status | Source of classification or shelving scheme | Damaged status | Not for loan | Home library | Current library | Shelving location | Date acquired | Full call number | Barcode | Date last seen | Copy number | Price effective from | Koha item type | Total Checkouts |
|---|---|---|---|---|---|---|---|---|---|---|---|---|---|---|---|
| Library of Congress Classification | WISCONSIN INTERNATIONAL UNIVERSITY COLLEGE, GHANA - MAIN LIBRARY | WISCONSIN INTERNATIONAL UNIVERSITY COLLEGE, GHANA - MAIN LIBRARY | Law Library | 03/09/2014 | KRX19.A3 G34(1992 vol 1) | 937/13 | 03/09/2014 | 1 | 03/09/2014 | Books | |||||
| Library of Congress Classification | WISCONSIN INTERNATIONAL UNIVERSITY COLLEGE, GHANA - MAIN LIBRARY | WISCONSIN INTERNATIONAL UNIVERSITY COLLEGE, GHANA - MAIN LIBRARY | Law Library | 03/09/2014 | KRX19.A3 G341(1992 vol 1) | 983/13 | 03/09/2014 | 2 | 03/09/2014 | Books | |||||
| Library of Congress Classification | WISCONSIN INTERNATIONAL UNIVERSITY COLLEGE, GHANA - MAIN LIBRARY | WISCONSIN INTERNATIONAL UNIVERSITY COLLEGE, GHANA - MAIN LIBRARY | Law Library | 24/07/2023 | KRX19.A3 G342(1992 vol 1) | 3206/366/23 | 24/07/2023 | 3 | 24/07/2023 | Books | |||||
| Library of Congress Classification | WISCONSIN INTERNATIONAL UNIVERSITY COLLEGE, GHANA - MAIN LIBRARY | WISCONSIN INTERNATIONAL UNIVERSITY COLLEGE, GHANA - MAIN LIBRARY | Law Library | 06/09/2023 | KRX19.A3 G343(1992 vol.1) | 3303/410/23 | 06/09/2023 | 4 | 06/09/2023 | Books |
